| 000 | 00447cam0a220015700 4500 | ||
|---|---|---|---|
| 001 | tmp15294997 | ||
| 003 | UPRA | ||
| 005 | 20190826203538.0 | ||
| 035 | _a(Sirsi) r107274 | ||
| 050 | _aHQ 734 TRO 1979 | ||
| 008 | 950728s1979 gw eng u | ||
| 100 | 1 |
_aTrobisch, Ingrid Hult. _6A65057.1 |
|
| 245 | 1 | 0 | _aOn our way rejoicing. |
| 260 |
_a[Kehl/Rhein, Germany] : _bEditions Trobisch, _c[1979] |
||
| 650 | 0 |
_aFamily life education. _6S2867.1 |
|
| 999 |
_c172779 _d172779 |
||